NBA General Knowledge - Statistics

General Stats
  • This quiz has been taken 223 times
  • The average score is 11 of 15
Answer Stats
NBA Quiz % Correct
Name a team that Steve Nash played for. Suns, Mavericks or Lakers
96%
What was Kobe Bryant’s most popular knickname? Black Mamba
95%
In a break from playing basketball Michael Jordan played what sport professionally? Baseball
94%
What pick did the Chicago Bulls use to draft Michael Jordan in the first round of the 1984 draft? 3
91%
The record for most wins in a season is... 73-9 (Warriors)
90%
In what season did Shaquille O’Neal win MVP? 2000
85%
What country is Dirk Nowitzki from? Germany
82%
Name a team in the Atlantic division. Knicks, Nets, Celtics, Raptors or 76ers
78%
What is Magic Johnson’s real name? Earvin
75%
What country is Manu Ginobili from? Argentina
73%
Michael Jordan hit a game winning shot with 6 seconds left to win the NBA Finals against what team? Utah Jazz
70%
What city do the Golden State Warriors play in? Oakland
63%
Who holds the record for most dunk contest wins?(full name) Nate Robinson
51%
What is the highest score ever in the NBA 3-point contest? 28
47%
Who holds the record for highest score in the 3-point contest?(full name) Devin Booker
18%
No matching quizzes found
Score Distribution
Percent of People with Each Score
Percentile by Number Answered
Your Score History
You have not taken this quiz